|
|
|
|
| LEADER |
00885ncm a22002532a 4500 |
| 001 |
001080082 |
| 003 |
CZ BrMZK |
| 005 |
20100916133642.0 |
| 007 |
qu |
| 008 |
960101s1957 ru f zxx d |
| 040 |
|
|
|a BOA001
|b cze
|
| 072 |
|
7 |
|a 785
|x Instrumentální hudba. Symfonická hudba. Hudba pro více nástrojů
|2 Konspekt
|9 9
|
| 100 |
1 |
|
|a Kálmán, Emmerich,
|d 1882-1953
|7 jn19990210326
|4 cmp
|
| 245 |
1 |
0 |
|a Marš-Fokstrot
|h [hudebnina] /
|c Emmerich Kálmán. Val´s / E. Val´dtojfel
|
| 260 |
|
|
|a Moskva :
|b Muzgiz,
|c 1957
|
| 300 |
|
|
|a 20 s.
|
| 490 |
1 |
|
|a Biblioteka akkordeonista ;
|v 8.
|
| 740 |
0 |
2 |
|a Val´s
|
| 700 |
1 |
|
|a Waldteufel, Emil,
|d 1837-1915
|7 jn20021021002
|4 cmp
|
| 830 |
|
0 |
|a Biblioteka akkordeonista
|
| 910 |
|
|
|a BOA001
|b Mus2-0382.643
|
| 990 |
|
|
|a MU
|
| 991 |
|
|
|b 200912
|
| 996 |
6 |
|
|b 2619437633
|c Mus2-0382.643
|l MZK
|r Sklad / do 1 hodiny
|n 0
|w 001101793
|u 000010
|a 1
|e BOA001
|j MZK50
|s P
|